00809cam a22002653a 45000010005000000030006000050050017000110080041000280400015000690420007000840500007000911000042000982450066001402600029002065060030002355160020002656530062002856530049003476530021003966530011004177000019004287400027004478300028004748560041005021081PGUSA20140828082956.0971001s1997||||xxu|||||s|||||000 1 eng d aPGUSAbeng adc 4aPG1 aGogol, Nikolai Vasilevich,d1809-185210aDead Soulsh[electronic resource] /cNikolai Vasilevich Gogol bProject Gutenberg,c1997 aPublic domain in the USA. aElectronic text aRussia -- Social life and customs -- 1533-1917 -- Fiction aSwindlers and swindling -- Russia -- Fiction aHumorous stories aSatire1 aHogarth, D. J.0 aMertvye dushi. English 0aProject Gutenbergv108140uhttp://www.gutenberg.org/ebooks/1081